Η μητρική γλώσσα ως ενταξιακό μέσο για μετανάστες στο ελληνικό εκπαιδευτικό σύστημα : οι απόψεις των εκπαιδευτικών : πτυχιακή εργασία [μεταπτυχιακή]
Αποθηκεύτηκε σε:
| Κύριος συγγραφέας: | |
|---|---|
| Συγγραφή απο Οργανισμό/Αρχή: | |
| Άλλοι συγγραφείς: | |
| Μορφή: | Thesis Βιβλίο |
| Γλώσσα: | Greek |
| Δημοσίευση: |
2014
|
| Θέματα: | |
| Διαθέσιμο Online: | http://hdl.handle.net/11610/11940 |
| Ετικέτες: |
Προσθήκη ετικέτας
Δεν υπάρχουν, Καταχωρήστε ετικέτα πρώτοι!
|
MARC
| LEADER | 00000cam a2200000 i 4500 | ||
|---|---|---|---|
| 001 | 1/68389 | ||
| 008 | 150304s2014 gre d | ||
| 035 | |l 10121346 | ||
| 040 | |a GR-MY-UA |b gre |e aacr | ||
| 041 | 0 | |a gre | |
| 082 | 0 | |a 370.117 |2 (22) | |
| 100 | 1 | |a Ζουμπουλής, Ευστράτιος. | |
| 245 | 1 | 2 | |a Η μητρική γλώσσα ως ενταξιακό μέσο για μετανάστες στο ελληνικό εκπαιδευτικό σύστημα : |b οι απόψεις των εκπαιδευτικών : πτυχιακή εργασία [μεταπτυχιακή] / |c Ευστράτιος Ζουμπουλής ; υπεύθυνος καθηγητής: Γεώργιος Τσομπάνογλου |
| 260 | |c 2014 | ||
| 300 | |a 134 σ.; |c 30 εκ. | ||
| 500 | |a Βιβλιογραφία: σ. 90-99, παράρτημα | ||
| 502 | # | # | |a Διατριβή (μεταπτυχιακή) – Πανεπιστήμιο Αιγαίου, Λέσβος, 2014. |
| 650 | 0 | 0 | |a Teachers |x Attitudes |x Case studies. |
| 650 | 0 | 0 | |a Immigrants |z Greece |x Cultural assimilation. |
| 650 | 0 | 0 | |a Education, Bilingual |z Greece. |
| 650 | 0 | 0 | |a Dissertations, Academic |z Greece. |
| 700 | 1 | |a Τσομπάνογλου, Ευστράτιος. |4 ths | |
| 710 | 2 | |a Πανεπιστήμιο Αιγαίου |b Σχολή Κοινωνικών Επιστημών |b Τμήμα Κοινωνιολογίας |b Μεταπτυχιακό Πρόγραμμα Σπουδών Έρευνα για την Τοπική Κοινωνική Ανάπτυξη και Συνοχή. | |
| 852 | |a INST |b LESVOS |c DIATR |e 20150304 |h 305 |p 005100056479 |q 005100056479 |t MTXE |y 23 | ||
| 852 | |a INST |b LESVOS |c DIATR |e 20150304 |h 306 |p 005100056480 |q 005100056480 |t MTXE |y 23 | ||
| 856 | |u http://hdl.handle.net/11610/11940 | ||
| 901 | |a BIBL1-2015-1 | ||
| 909 | |a Λ |b 192944 | ||
| 909 | |a Λ |b 192945 | ||
| 924 | |a ΖΟΥΜΠΟΥΛΗΣ |b ΕΥΣΤΡΑΤΙΟΣ |y ΛΕΣΒΟΣ |z 2014-09 | ||
| 970 | |a ΤΖΑΦΕΡΗ |b ΕΥΑΓΓΕΛΙΑ |z 2015/03/04 | ||